| 000 | 02224nam a22002777a 4500 | ||
|---|---|---|---|
| 999 |
_c60441 _d60441 |
||
| 003 | Ge_BSU | ||
| 005 | 20230719112035.0 | ||
| 008 | 230719s2022ge xxu||||| |||| 00| 0 geo d | ||
| 020 | _a9789941844072 | ||
| 041 | _ageo | ||
| 080 | _a141.45(47+57)ქ-27 | ||
| 100 |
_aქართველიშვილი, მიხეილ, ავტორი. _919427 |
||
| 245 |
_aსაბჭოთა რელიგიური პოლიტიკა და საქართველოში მისი ასახვის თავისებურებები 1953-1964 წლებში / _cმიხეილ ქართველიშვილი ; გარეკანის დიზაინი მედეა გვინჩიძე. |
||
| 264 |
_aთბილისი, _c 2022. |
||
| 300 |
_a262 გვ. ; _b24 სმ. |
||
| 501 | _aპირთა საძიებელი: გვ. 256-262. | ||
| 504 | _aბიბლიოგრაფია: გვ. 230-255. | ||
| 520 | _aრეზიუმე ინგლისურ ენაზე. | ||
| 600 | _2ეძღვნება მამის - ალექსანდრე ქართველიშვილის ხსოვნას. | ||
| 653 | _aათეისტური პროპაგანდა საბჭოთა კავშირში. | ||
| 700 |
_aგვინჩიძე, მედეა _eგარეკანის დიზაინი _919428 |
||
| 711 |
_aივანე ჯავახიშვილის სახ. თბილისის სახელმწ. უნივერსიტეტი, ჰუმანიტარულ მეცნიერებათა ფაკულტეტი, საქართველოს ისტორიის სასწავლო-სამეცნიერო ინსტიტუტი, მსოფლიო ისტორიის სასწავლო-სამეცნიერო ინსტიტუტი. _919429 |
||
| 773 | _tნაჩუქარი | ||
| 856 |
_uhttps://dspace.nplg.gov.ge/bitstream/1234/395413/1/SabchotaReligiuriPolitikaDaSaqartveloshiMisiAsaxvisTaviseburebani1953-1964ww.pdf _ypdf |
||
| 942 |
_2udc _cBK |
||